Hall of Fame des Deutschen Fußballs - Männer - Statistiken

Allgemein
  • Dieses Quiz wurde 164 mal gespielt
    113 seit der letzten Aktualisierung
  • Das Durchschnittsergebnis liegt bei 17 aus 36
Antwortstatistiken
Aufnahmejahr Spieler % Korrekt
2018 Gerd Müller
96%
2018 Franz Beckenbauer
90%
2018 Lothar Matthäus
83%
2022 Philipp Lahm
80%
2019 Oliver Kahn
79%
2023 Bastian Schweinsteiger
78%
2021 Miroslav Klose
70%
2019 Jürgen Klinsmann
62%
2020 Rudi Völler
62%
2018 Sepp Maier
62%
2022 Karl-Heinz Rummenigge
60%
2020 Michael Ballack
60%
2018 Uwe Seeler
59%
2018 Paul Breitner
58%
2018 Helmut Rahn
57%
2018 Fritz Walter
56%
2018 Andreas Brehme
49%
2023 Jupp Heynckes
49%
2020 Berti Vogts
47%
2018 Günter Netzer
44%
2019 Helmut Schön
44%
2018 Matthias Sammer
42%
2018 Sepp Herberger
41%
2021 Jürgen Kohler
35%
2021 Udo Lattek
32%
2019 Wolfgang Overath
27%
2020 Andreas Möller
25%
2023 Horst Hrubesch
20%
2020 Klaus Fischer
17%
2023 Otto Rehhagel
16%
2023 Guido Buchwald
15%
2023 Bert Trautmann
14%
2021 Horst Eckel
14%
2021 Joachim Streich
14%
2022 Bernd Schuster
11%
2019 Hans-Jürgen Dörner
9%
Keine übereinstimmenden Quizze gefunden
Verteilung der Resultate
Anzahl Personen mit jedem Resultat
Perzentil nach korrekt beantworteten Fragen
Ihre Resultats-Entwicklung
Sie haben dieses Quiz seit der letzten Aktualisierung nicht gespielt